Responses for Show #7387 - Tuesday, October 25, 2016

Contestants

[<< previous game]

Joel Goldes, a dialect coach from Oak Park, California

Yoey Sacks, a store planner from New York, New York

Lani Gonzalez, a managing director of an art bazaar from Austin, Texas (whose 2-day cash winnings total $35,600)

[next game >>]

Jeopardy! Round responses

NAME THE CAPITAL
THRILLERS & MYSTERIES
MAGAZINES
SOUNDS LIKE A FLOWER
THE "IV" LEAGUE
JUSTIN TIMBERLAKE
    $200 2
Frankfort

Lani
    $200 1
Xanadu

Yoey
    $200 30
Sports Illustrated

Joel
    $200 13
Heather

Yoey
    $200 21
a dive

Yoey
    $200 29
Jimmy Fallon

Lani
    $400 3
Canberra

Yoey
    $400 25
the Jackal

Joel
    $400 9
Scientific American

Lani
    $400 27
iris

Yoey
    $400 20
Ivan

Lani
    $400 28
"Suit & Tie"

Yoey
    $600 6
Pierre

Yoey
    $600 26
Coma

Lani
    $1,000 10
Wired

Lani
    $600 16
rose

Yoey
    $600 19
poison ivy

Triple Stumper
    $600 22
Timbaland

Lani
    $800 5
Santo Domingo

Yoey
    $800 8
Dr. Kay Scarpetta

Triple Stumper
    $800 11
Southern Living

Yoey
    $800 14
Papi

Lani
    $800 18
to hive

Joel
    $800 23
The Social Network

Yoey
    $1000 4
(Yoey: What is Manitoba?)
...
(Alex: Yes, Manitoba's another province.)

Regina

LaniYoey
    $1000 7
Louise Penny

Triple Stumper
    $1000 12
Charlie Hebdo

Lani
    $1000 15
a dandy lion

Lani
    $1000 17
ivory

Lani
    $1000 24
"Can't Stop The Feeling!"

Triple Stumper

Scores at the first commercial break (after clue 15):

Lani Yoey Joel
$5,400 $2,000 $0

Scores at the end of the Jeopardy! Round:

Lani Yoey Joel
$8,200 $4,400 $1,400

Double Jeopardy! Round responses

PEOPLE OF THE BIBLICAL BOOK
DEWEY
NORTH CAROLINA, HISTORICALLY
WHATSAMATTA "U"?
FROM SCREEN TO STAGE
WORD ORIGINS
    $400 27
Esau

Lani
    $400 20
(Joel: What is dean?)
...
(Alex: Remember? The Dewey Decimal system.)

librarian

Joel
Triple Stumper
    $400 7
a sit-in

Lani
    $400 12
an ulcer

Lani
    $400 1
Rocky

Lani
    $400 19
a chauffeur

Joel
    $800 26
(Lani: Um... what is... I don't know.)

Daniel

Lani
    $800 21
Thomas Dewey

Lani
    $800 8
(Yoey: Who is San Luis Rey?)
(Lani: Who is Rialto?)

Verrazzano

LaniYoey
Triple Stumper
    $800 13
upset stomach

Lani
    $800 2
Footloose

Yoey
    $800 18
to eavesdrop

Joel
    $1200 28
Elizabeth

Lani
    $1200 22
Elvis Presley

Lani
    $1200 9
(Lani: What is Kitty Hawk?)

Kill Devil Hill

Lani
Triple Stumper
    $1200 14
(Joel: What's the nasal tract?)

the upper respiratory tract

Joel
Triple Stumper
    $1200 4
Spamalot

Yoey
    $1200 3
a loupe

Joel
    $1600 29
Samuel

Yoey
    $1600 23
the Battle of Manila Bay

Triple Stumper
    $1600 15
Bern

Yoey
    $1600 16
uranium

Joel
    $6,400 5
(Yoey: What is The Sound of Music?)

The Producers

Yoey
    $1600 10
Schadenfreude

Joel
    $2000 30
Nicodemus

Triple Stumper
    $2000 24
pragmatism

Triple Stumper
    $2000 25
the Cherokee

Triple Stumper
    $2000 17
uric acid

Joel
    $2000 6
The Bodyguard

Lani
    $2000 11
Nemesis

Lani

Scores at the end of the Double Jeopardy! Round:

Lani Yoey Joel
$15,000 $2,400 $7,400
(lock game)

[wagering suggestions for these scores]

Final Jeopardy! Round responses

WORDS IN THE NEWS 2016
YoeyWhat is Brexit
$2,400
JoelWhat is Euroop
$7,399
LaniWhat is Brexit?
$0
Brexit

Final scores:

Lani Yoey Joel
$15,000 $4,800 $1
3-day champion: $50,600 2nd place: $2,000 3rd place: $1,000

Game dynamics:

Coryat scores:

Lani Yoey Joel
$15,400 $8,800 $7,400
22 R
(including 1 DD),
3 W
(including 1 DD)
15 R,
3 W
(including 1 DD)
9 R,
2 W

Combined Coryat: $31,600

[game clues] [game scores] [suggest correction]

Game tape date: Unknown
The J! Archive is created by fans, for fans. Scraping, republication, monetization, and malicious use prohibited; this site may use cookies and collect identifying information. See terms. The Jeopardy! game show and all elements thereof, including but not limited to copyright and trademark thereto, are the property of Jeopardy Productions, Inc. and are protected under law. This website is not affiliated with, sponsored by, or operated by Jeopardy Productions, Inc. Join the discussion at JBoard.tv.